Mittelstädte, die München am nächsten liegen - Statistiken

Allgemein
  • Dieses Quiz wurde 60 mal gespielt
  • Das Durchschnittsergebnis liegt bei 7 aus 20
Antwortstatistiken
Luftlinie Stadt % Korrekt
17,2 km Dachau
75%
30,9 km Erding
73%
32,3 km Freising
70%
8,5 km Unterhaching
66%
25,5 km Fürstenfeldbruck
64%
22,6 km Starnberg
63%
14,8 km Germering
45%
15,9 km Unterschleißheim
38%
19,3 km Olching
36%
10,4 km Ottobrunn
30%
14,7 km Vaterstetten
29%
43,9 km Pfaffenhofen an der Ilm
27%
11,7 km Haar
25%
12,0 km Karlsfeld
23%
16,6 km Gauting
20%
31,9 km Geretsried
20%
20,6 km Neufahrn bei Freising
18%
45,2 km Weilheim in Oberbayern
11%
45,2 km Moosburg an der Isar
9%
16,8 km Puchheim
5%
Keine übereinstimmenden Quizze gefunden
Verteilung der Resultate
Anzahl Personen mit jedem Resultat
Perzentil nach korrekt beantworteten Fragen
Ihre Resultats-Entwicklung
Sie haben dieses Quiz noch nicht gespielt